18 - 5 Seconds of Summer (All Lyrics) - Statistics

General Stats
  • This quiz has been taken 343 times
  • The average score is 252 of 290
Answer Stats
18 % Correct
I
99%
18
98%
a
96%
I'm
95%
to
95%
the
94%
can
93%
in
93%
Bridge In
93%
you
93%
You
93%
for
92%
For
92%
her
92%
just
92%
not
92%
She
92%
she
92%
that
92%
when
92%
me
91%
waiting
91%
can't
90%
do
90%
do?
90%
my
90%
old
90%
til'
90%
get
89%
Pre-Chorus So
88%
so
88%
told
88%
be
87%
enough
87%
ID
87%
was
87%
got
86%
fake
85%
She's
85%
she's
85%
things
85%
want
85%
wish
85%
all
84%
bus
84%
older
84%
afford
83%
know
83%
meet
83%
school
82%
there
82%
what
82%
but
81%
But
81%
magazine
81%
tattoo
81%
tell
81%
wanna
81%
else
80%
little
80%
bit
79%
bought
79%
mom
79%
read
79%
drives
78%
of
78%
still
78%
think
78%
place
77%
Charlie
76%
fare
75%
into
73%
saying
73%
too
73%
bar
72%
naughty
72%
Sheen
72%
bedroom
70%
city
70%
job
70%
said
67%
busy
66%
over
66%
with
66%
already
65%
folder
64%
thinking
64%
wants
64%
make
62%
pictures
62%
private
62%
Says
62%
move
61%
always
60%
queue
60%
it's
59%
Verse 1 And
58%
hold
58%
sick
55%
I'll
54%
day
53%
one
53%
will
50%
Your
50%
No matching quizzes found
Score Distribution
Percent of People with Each Score
Percentile by Number Answered
Your Score History
You have not taken this quiz